000 00535cam a22002054a 4500
005 20250605164311.0
008 250528s ||||||||||||||||||||||||d
035 _a22498
020 _a9789609143233
040 _aGR-AtMCL
_bgre
_dGR-AtMCL
_eAACR2
245 1 _aΧΡΗΣΗ ΗΛΕΚΤΡΟΝΙΚΟΥ ΥΠΟΛΟΓΙΣΤΗ
250 _a1
260 _bΑβακας,
_c2001
300 _a443
700 1 _aΚαρολιδης Δ
_95861
700 1 _aΞαρχακος Κ
_95663
942 _cBK
999 _c7550
_d7550